Dating and waiting for marriage. (Record no. 14603)

000 -LEADER
fixed length control field 00722nam a2200217 a 4500
001 - CONTROL NUMBER
control field :::00012435$&:&@@
003 - CONTROL NUMBER IDENTIFIER
control field OkBaRHE
005 - DATE AND TIME OF LATEST TRANSACTION
control field 20000607103419.0
008 - FIXED-LENGTH DATA ELEMENTS--GENERAL INFORMATION
fixed length control field s1982 j 000 0 eng u
040 ## - CATALOGING SOURCE
Transcribing agency
100 1# - MAIN ENTRY--PERSONAL NAME
Personal name Brock, Raymond T.
245 10 - TITLE STATEMENT
Title Dating and waiting for marriage.
260 ## - PUBLICATION, DISTRIBUTION, ETC. (IMPRINT)
Place of publication, distribution, etc Springfield, MO., :
Name of publisher, distributor, etc Gospel Publishing House
Date of publication, distribution, etc c1982
300 ## - PHYSICAL DESCRIPTION
Extent 128 p. ;
Dimensions 18 cm.
650 ## - SUBJECT ADDED ENTRY--TOPICAL TERM
Topical term or geographic name as entry element Dating (Social Customs)
650 ## - SUBJECT ADDED ENTRY--TOPICAL TERM
Topical term or geographic name as entry element Marriage Counseling
650 ## - SUBJECT ADDED ENTRY--TOPICAL TERM
Topical term or geographic name as entry element Mate Selection
942 ## - ADDED ENTRY ELEMENTS (KOHA)
Source of classification or shelving scheme
Koha item type Books
Copies
Date acquired Barcode Damaged status Lost status Source of classification or shelving scheme Price effective from Withdrawn status Full call number Date last seen Copy number Not for loan Permanent Location Koha item type Shelving location
2010-04-1412435   2010-04-14 HQ 734 .B72010-04-141 RHEMA Bible Training CollegeBooksGeneral Stacks
2010-04-1415390   2010-04-14 HQ 734 .B72010-04-142 RHEMA Bible Training CollegeBooksGeneral Stacks